| 000 | 00360nam a22001577a 4500 | ||
|---|---|---|---|
| 003 | OSt | ||
| 005 | 20260325102849.0 | ||
| 008 | 260325b |||||||| |||| 00| 0 eng d | ||
| 020 | _a9789381269701 | ||
| 040 | _cIIMT UNIVERSITY MEERUT | ||
| 100 | _aGanellin | ||
| 245 | _aMedicinal Chemistry | ||
| 260 |
_aLONDON _bELSEVIER |
||
| 300 | _a302 | ||
| 942 |
_2ddc _c01 |
||
| 999 |
_c67590 _d67590 |
||